Dva týždne v Budapešti alebo maďarské múzeá a práca s verejnosťou

Bibliographic Details
Main Author: Maráky, Peter, 1950- (Author)
Format: Article
Language:Slovak
PhysicalDescription:Fot. 6.
Subjects:

MARC

LEADER 00000nab a2200000 a 4500
001 vtls000405847
003 SK-MaSNL
005 20260304221727.0
008 250424c1990 xo 0 slo
015 |a SNBRB19rr/mm-uuuuu 
035 |a CL0405971 
035 |a urn:nbn:sk:snk-ab2nef 
035 |a (urnnbn)urn:nbn:sk:snk:ar-a02o4j 
035 |a (uuid)f29d0973-7a63-4f12-81eb-908b2c4c512c 
040 |a SNKBUCL  |b slo  |c SNKBUCL  |e AACR2 
041 0 |a slo 
044 |a xo  |c SK 
080 |a 069(439)  |2 1981 
100 1 |a Maráky, Peter,  |d 1950-  |4 aut  |9 104566 
245 1 0 |a Dva týždne v Budapešti alebo maďarské múzeá a práca s verejnosťou  |c Peter Maráky 
300 |b Fot. 6. 
650 0 7 |a múzeá  |2 snkbucl  |9 4119 
651 7 |a Maďarsko  |2 snkbucl  |9 16754 
655 7 |a články z novín a časopisov  |2 snkbucl  |9 267496 
773 0 |t Múzeum  |g Roč. 35, č. 3 (1990), s. 51-55 
850 |a Slovenská národná knižnica 
852 |a Slovenská národná knižnica 
954 |a odborná, vedecká literatúra pôvodná (slovenská)  |2 lita 
958 |a article27 
958 |a OND 
958 |a EUIPO 
992 |a RBX 
999 |c 3159502  |d 3161432